Library of the University of Algiers 3
Ibrahim Sultan Cheibout
شعار جامعة الجزائر 3
مكتبة جامعة الجزائر 3
إبراهيم سلطان شيبوط

سلوك المستهلك : (رقم التسجيلة. 46294)

تفاصيل مارك
000 -LEADER
fixed length control field 01854nam a2200229Ia 4500
003 - CONTROL NUMBER IDENTIFIER
control field Ost
005 - DATE AND TIME OF LATEST TRANSACTION
control field 20260507075802.0
008 - FIXED-LENGTH DATA ELEMENTS--GENERAL INFORMATION
fixed length control field 260507s9999||||xx |||||||||||||| ||und||
020 ## - INTERNATIONAL STANDARD BOOK NUMBER
International Standard Book Number 9789931265160
040 ## - CATALOGING SOURCE
Transcribing agency fsecg
041 ## - LANGUAGE CODE
Language code of text/sound track or separate title ara
082 ## - DEWEY DECIMAL CLASSIFICATION NUMBER
Classification number 658.834
100 ## - MAIN ENTRY--PERSONAL NAME
Personal name لحول، سامية
Relator term مؤلف
245 #0 - TITLE STATEMENT
Title سلوك المستهلك :
Remainder of title الفهم، التأثير، الأخلاقيات وحماية الحقوق /
Statement of responsibility, etc. سامية لحول
260 ## - PUBLICATION, DISTRIBUTION, ETC.
Place of publication, distribution, etc. الجزائر :
Name of publisher, distributor, etc. دار قانة للنشر والتوزيع ,
Date of publication, distribution, etc. 2023
300 ## - PHYSICAL DESCRIPTION
Extent 351 صفحة؛
Other physical details إيضاحات ؛
Dimensions 24 سم
504 ## - BIBLIOGRAPHY, ETC. NOTE
Bibliography, etc. note بيبليوغرافيا: ص ص346-351
520 ## - SUMMARY, ETC.
Summary, etc. يضم فهم سلوك المستهلك، أساسيات سلوك المستهلك، قوة التعلم وتغيير قواعد اللعبة التنافسية في السوق، الأدراك وتكوين الصورة الذهنية، مشكلة الأستهلاك وبداية صنع القرار الشرائي، نظريات الدوافع، الشخصية والصور الذاتية، السلوك الشرائي، ما بعد السلوك الشرائي، الاستراتيجيات التسويقية المؤثرة في اختيار القيمة للمستهلك، السياسات التسويقية المؤثرة في تسليم القيمة للمسهلك، السياسات التسويقية المؤثرة في اتصال القيمة للمستهلك، المؤثرات الخارجية وتعديل سلوك المستهلك، أخلاقيات التسويق وحماية حقوق المستهلك، الأخلاقيات الطبية وحماية حقوق المستهلك المريض من خلال الإلتزام بضوابط الشريعة الاسلامية .
653 ## - INDEX TERM--UNCONTROLLED
Uncontrolled term المستهلكون
653 ## - INDEX TERM--UNCONTROLLED
Uncontrolled term سلوك المستهلك
942 ## - ADDED ENTRY ELEMENTS (KOHA)
Koha item type كتب
المقتنيات
Withdrawn status Lost status Source of classification or shelving scheme Damaged status Not for loan Home library Current library Date acquired Serial enumeration / chronology Inventory number Total checkouts Full call number Barcode Date last seen Price effective from Koha item type
    Library of Congress Classification   NOT LOAN / إعارة داخلية مكتبة كلية العلوم الإقتصادية والعلوم التجارية وعلوم التسيير مكتبة كلية العلوم الإقتصادية والعلوم التجارية وعلوم التسيير 07/05/2026 الطابق الأرضي 025.21/552   497/025.21ن01 025.21/552 07/05/2026 07/05/2026 كتب
    Dewey Decimal Classification   Available مكتبة كلية العلوم الإقتصادية والعلوم التجارية وعلوم التسيير مكتبة كلية العلوم الإقتصادية والعلوم التجارية وعلوم التسيير 07/05/2026 الطابق الأرضي 025.21/553   497/025.21ن02 025.21/553 07/05/2026 07/05/2026 كتب
    Dewey Decimal Classification   Available مكتبة كلية العلوم الإقتصادية والعلوم التجارية وعلوم التسيير مكتبة كلية العلوم الإقتصادية والعلوم التجارية وعلوم التسيير 07/05/2026 الطابق الأرضي 025.21/554   497/025.21ن03 025.21/554 07/05/2026 07/05/2026 كتب

موارد الويب المفتوحة


© University of Algiers 3 All Rights Reserved
|
Implemented by LECHELAH Riad